00920cam a22002411 4500001001300000003000400013005001700017008004100034010001700075035001900092040002100111050002700132082001100159100001800170245004600188260007100234300002900305410006700334501017700401504005400578650002900632999001700661e 50000003 DLC20260227111234.0800328s1949 dcua b f000 0 eng  ae 50000003  a(OCoLC)6137685 aDLCcSdSifCdDLC00aL111b.A6 1949, no. 17 a372.831 aGoetz, Delia.10aWorld understanding begins with children. a[Washington]bFederal Security Agency, Office of Educationc[1949] av, 30 p.billus.c23 cm.10aUnited States.bOffice of Education.tBulletin,f1949,vno. 17 aCopies 1 and 2 of L111.A6 with: Petersburg builds a health program / Effie G. Bathurst. Washington : Govt. Print. Off., 1949. Bound together subsequent to publication.5DLC a"Sources of materials and information": p. 25-30. 0aMulticultural education. c22120d22120